LEADER 01039nam0-22003251i-450- 001 990004385700403321 005 20031006160815.0 010 $a84-7807-064-8 035 $a000438570 035 $aFED01000438570 035 $a(Aleph)000438570FED01 035 $a000438570 100 $a19990604d1992----km-y0itay50------ba 101 0 $aspa 102 $aES 105 $a--------101yy 200 1 $aFrancisco Ayala, teorico y critico literario$eactas del simposio celebrado en Granada, noviembre, 1991$fedicion a cargo de Antonio Sanchez Trigueros, Antonio Chicharro Chamorro 215 $a408 p.$d23 cm 225 1 $aBiblioteca de ensayo$v25 610 0 $aAyala, Francisco$aCongressi$a1991 676 $a868.6209$v20$zita 702 1$aChicharro Chamorro,$bAntonio 702 1$aSanchez Trigueros,$bAntonio 801 0$aIT$bUNINA$gRICA$2UNIMARC 901 $aBK 912 $a990004385700403321 952 $aP.3 B 13924$fFLFBC 959 $aFLFBC 996 $aFrancisco Ayala, teorico y critico literario$9542722 997 $aUNINA LEADER 01054nam0-2200301---450- 001 990009287450403321 005 20101129113600.0 035 $a000928745 035 $aFED01000928745 035 $a(Aleph)000928745FED01 035 $a000928745 100 $a20101129d2008----km-y0itay50------ba 101 0 $aita 102 $aIT 105 $ay-------101yy 200 1 $a<>contributo del notariato per l'attuazione delle semplificazioni in tema di mutui ipotecari$eatti del convegno$fFondazione italiana per il notariato 210 $aMilano$cIl Sole 24 Ore$d2008 215 $a161 p.$d24 cm 300 $aSuppl. a: I quaderni della fondazione italiana per il notariato n.1/2008 676 $a346.45074$v21$zita 710 02$aFondazione italiana per il notariato$0302028 801 0$aIT$bUNINA$gRICA$2UNIMARC 901 $aBK 912 $a990009287450403321 952 $aVIII E 299$b51448*$fFGBC 959 $aFGBC 996 $aContributo del notariato per l'attuazione delle semplificazioni in tema di mutui ipotecari$9769865 997 $aUNINA LEADER 01699nam a2200325 i 4500 001 991000713889707536 008 060630s1999 enk u 000 0 eng d 020 $a0580145786 035 $ab1389996x-39ule_inst 040 $aDip.to Ingegneria dell'Innovazione$beng 082 0 $a620.82$222 245 00$aGuide for overall evaluation of vibration in merchant ships :$bBS 6634: 1985/$cBSI, ISO 246 13$aBS 6634: 1985 246 13$aISO 6954: 1984 260 $aLondon :$bBritish Standards Institution,$cc1999 300 $aii, 4 p. ;$c28 cm 440 0$aBritish Standard ;$vBS 6634: 1985 440 0$aBritish Standard ;$vISO 6954: 1984 500 $aPrepared by the General Mechanical Engineering Standards Policy Committee (GME/-) to Technical Committee GME/21 and Technical Committee ISO/TC 108 500 $a"ISO title: Mechanical vibration and shock-Guidelines for the overall evaluation of vibration in merchant ships"--Cover 650 4$aHuman engineering$xStandards 650 4$aBiomechanics$xStandards 710 2 $aBritish Standards Institution.$bStandards Policy Committee General Mechanical Engineering.$bTechnical Committee GME/21 710 2 $aInternational Organization for Standardization.$bTechnical Committee ISO/TC 108$eauthor$4http://id.loc.gov/vocabulary/relators/aut$0731378 907 $a.b1389996x$b04-07-13$c03-05-10 912 $a991000713889707536 945 $aLE026 NOR BS 6634 1985$g1$i2026000031040$lle026$nProf. Messina / Biblioteca$op$pE80.39$q-$rn$s- $t1$u0$v0$w0$x0$y.i15123728$z05-05-10 996 $aGuide for overall evaluation of vibration in merchant ships$91440865 997 $aUNISALENTO 998 $ale026$b30-06-06$cm$da $e-$feng$genk$h0$i0